20 години Ротари клуб - Ямбол : 1997-2017 (Запис номер 324327)
[ съкратено ]
| 000 -Лидер | |
|---|---|
| Контролно поле с фиксирана дължина | aaa a22 a 4500 |
| 003 - Код на организацията, давaща контролен номер | |
| Контролно поле | BLK |
| 005 - Дата и час на последна редакция | |
| Контролно поле | 20180913134533.0 |
| 008 - Елементи от данни с фиксирана дължина | |
| fixed length control field | 180913b bul||||| |||| 00| 0 bul d |
| 020 ## - Международен стандартен номер на книга ISBN | |
| Международен стандартен номер на книга ISBN | 978-619-00-0666-4 |
| 040 ## - Източник на каталожния запис | |
| Идентификатор на билиотеката - собственик на записа | BLK |
| 041 ## - Код за език | |
| Код за езика на текст/звукозапис или на отделно заглавие | Български |
| Код за езика КДБФ | Български |
| 080 ## - УДК | |
| Текстов определител УДК | Организации, асоциации, движения със специални цели и/или области на дейност. Професионални асоциации(Ку-клукс-клан, масони, окултни движения, орден на тамплиерите). |
| УДК код - определител по УДК | 061.23 |
| УДК определител | (497.231.1)(091) |
| УДК - код + определител | 061.23(497.231.1)(091) |
| 245 ## - Сведения за заглавието | |
| Заглавие | 20 години Ротари клуб - Ямбол : 1997-2017 |
| Подзаглавни данни | Историческа хроника |
| 260 ## - Област на издателските данни | |
| Година на издаване | 2017 |
| 9 (RLIN) | 209950 |
| Място на издаване, разпространение и проч. | В. Търново |
| Име на издателя, разпространителя и проч. | Фабер |
| 300 ## - Физическа характеристика | |
| Страници | 132 с. |
| Илюстрации и др. | с цв. ил., факс. |
| Размери/Мащаб | 20 см |
| 380 ## - Жанр | |
| Жанр | Общ отдел |
| 650 #7 - Допълнително описание по предмет – тема | |
| 9 (RLIN) | 169749 |
| Основно описание – тема или топоним | Ротарианство - България - история |
| 653 #7 - Ключова дума – ненормативна | |
| 9 (RLIN) | 195767 |
| Ключова дума | Ротари клуб |
| 700 ## - Други автори (авторска отговорност) | |
| 9 (RLIN) | 1535 |
| Лично име | Александров, Валерий Димитров |
| Автороска отговорност (Описва отношението между автора и произведението) | състав. и текст |
| 700 ## - Други автори (авторска отговорност) | |
| 9 (RLIN) | 1535 |
| Лично име | Пенчев, Красимир Танев |
| Автороска отговорност (Описва отношението между автора и произведението) | състав. и текст |
| 852 ## - Местоположение | |
| Форматна сигнатура | Цб 290111 |
| Фондова буква | Хранилище |
| 999 ## - СИСТЕМНИ КОНТРОЛНИ НОМЕРА | |
| Koha biblionumber | 324327 |
| Koha biblioitemnumber | 324327 |
| 942 ## - АРТИКУЛИ | |
| Вид на библиотечния материал | Книги |
| Източник на класификационната схема | Universal Decimal Classification |
| Скрит в OPAC | Не |
| Код за отписване | Код за изгубен артикул | Източник на класификационната схема | Код за повреда | Коз за рестрикции | Код за отдаване | Артикулен № | Име на библиотеката - собственик | Име на библиотеката, в която се намира в момента | Статус (Текущо местоположение) | Дата на вписване в системата | Местоположение - отдел | Цена в лева | Инвентарен номер | Систематично азбучна сигнатура | Баркод | Цена в евро | Служебен тип на артикула |
|---|---|---|---|---|---|---|---|---|---|---|---|---|---|---|---|---|---|
| Не е изгубен | Universal Decimal Classification | Не е повреден | без рестрикции | ползва се в читалня | 680069 | Регионална библиотека "Любен Каравелов" Русе | Регионална библиотека "Любен Каравелов" Русе | Хранилище | 2018-09-07 | Хранилище | 5.00 | 120000822813 | Цб 290111 | 120000822813 | 2.56 | Книги |